Football Teams Harry Kane Played For - Statistics

General Stats
  • This quiz has been taken 156 times
  • The average score is 6 of 8
Answer Stats
League Years Team % Correct
England 2010-2011 Tottenham Hotspur
98%
England 2011-2012 Tottenham Hotspur
98%
England 2013-2023 Tottenham Hotspur
98%
Germany 2023- FC Bayern München
97%
England 2013 Leicester City
71%
England 2012-2013 Norwich City
55%
England 2011 Leyton Orient
30%
England 2012 Millwall FC
29%
No matching quizzes found
Score Distribution
Percent of People with Each Score
Percentile by Number Answered
Your Score History
You have not taken this quiz